01619cam a22003737a 4500003000500000005001700005008004100022010000900063011000900072035000900081040000900090090001000099100004000109245018400149260004200333300003000375502007500405590003700480590004100517590004100558590004100599590004200640650004900682650003000731650005000761650005000811901000700861942000900868949004800877949005300925999001500978952012500993952012701118CHAP20220329133052.0971013s1990 r 00010 d a1808 a2780 a1980 cCHAP aTesis00aToledo Rivera, Juan Carlos.911363110aCaracterización patógenica de cinco poblaciones de Nacobbus aberrans y evaluación del daño que causan a tomate, chile y frijol en Méxicoc/ por Juan Carlos Toledo Rivera aMontecillo, Méx. :bEl Autor,c1990 a64 h.b: ilus. ; gráfs. aTesis (M.C. Esp. en Fitopatología) -- C.P. Centro de Fitopatología aALEPHb10c20130110lUCH01h1209 aBATCH-UPDb10c20130110lUCH01h0929 aBATCH-UPDb10c20130410lUCH01h0549 aBATCH-UPDb10c20130914lUCH01h1438 aCONVERSIONb10c20130109lUCH01h130214aFrijolxEnfermedades por nemátodos.94337014aNacobbus aberrans.98002214aPlantasxEnfermedades por nemátodos.98883314aTomatexEnfermedades por nemátodos.9113714 aBK cFOLL aTesisbBCcTESd-11474eTS1h23810i1980si aTesisbBCcTESd-37579eTS2fc.2h23811i1980si c1808d1808 00102local4053708TESISaBCbBCcPA_TESISd2019-12-31fTESISl0p-37579r2019-12-31 00:00:00tc.2w2019-12-31yTESIS 00102local4051708TESISaBCbBCcPA_TESISd2019-12-31fTESISl0oTesisp-11474r2019-12-31 00:00:00w2019-12-31yTESIS